[Event "29th WCh U20 Girls"]
[Site "Chennai IND"]
[Date "2011.08.03"]
[Round "2"]
[White "Sahari, J."]
[Black "Semenova, Elena"]
[Result "0-1"]
[WhiteElo "1911"]
[BlackElo "2175"]
[EventDate "2011.08.02"]
[PlyCount "84"]

1.e4 e5 2.Nf3 Nc6 3.Bb5 a6 4.Ba4 Nge7 5.O-O g6 6.d4 exd4 7.Nxd4 Bg7 8.Nxc6
Nxc6 9.c3 O-O 10.Be3 d6 11.Bxc6 bxc6 12.Bd4 c5 13.Bxg7 Kxg7 14.Nd2 Rb8 15.
b3 Bb7 16.Re1 Re8 17.f3 Qf6 18.c4 Qd4+ 19.Kh1 f5 20.Rc1 fxe4 21.Nxe4 Bxe4 
22.Qxd4+ cxd4 23.fxe4 Re5 24.Rcd1 c5 25.Rd2 Rbe8 26.Rde2 a5 27.g3 a4 28.
Kg2 Rb8 29.Rb1 Kf6 30.Kf3 Ke6 31.Ree1 Kf6 32.Re2 Re7 33.Reb2 a3 34.Re2 Ke5
35.Rbe1 Rf8+ 36.Kg2 Ref7 37.Rd2 Rf3 38.Red1 Rc3 39.Re2 Rff3 40.Rf1 Rxf1 
41.Kxf1 Rc1+ 42.Kg2 Rb1 0-1

[Event "29th WCh U20 Girls"]
[Site "Chennai IND"]
[Date "2011.08.04"]
[Round "3"]
[White "Arunima, Kalra"]
[Black "Fatalieva, Ulviyya"]
[Result "1/2-1/2"]
[WhiteElo "1867"]
[BlackElo "2107"]
[EventDate "2011.08.02"]
[PlyCount "61"]

1.e4 e6 2.d4 d5 3.Nd2 Be7 4.Bd3 c5 5.dxc5 Nf6 6.Qe2 O-O 7.Ngf3 a5 8.O-O 
Na6 9.e5 Nd7 10.c4 Naxc5 11.Bc2 b6 12.b3 Ba6 13.Bb2 Qc7 14.Rfd1 Rfd8 15.
Rac1 Nb8 16.Qe3 Nc6 17.Bb1 Qb7 18.Nd4 dxc4 19.Nxc4 Rd5 20.Nd6 Bxd6 21.exd6
Rxd6 22.Nxc6 Qxc6 23.Qg5 f6 24.Bxf6 Ra7 25.Bb2 Rxd1+ 26.Rxd1 Rd7 27.Bxh7+ 
Kxh7 28.Qh5+ Kg8 29.Qe8+ Kh7 30.Qh5+ Kg8 31.Qe8+ 1/2-1/2

[Event "29th WCh U20 Girls"]
[Site "Chennai IND"]
[Date "2011.08.06"]
[Round "5"]
[White "Hema Priya, N."]
[Black "Vo Thi Kim Phung"]
[Result "1/2-1/2"]
[WhiteElo "1885"]
[BlackElo "2141"]
[EventDate "2011.08.02"]
[PlyCount "110"]

1.d4 Nf6 2.c4 e6 3.Nf3 Bb4+ 4.Nbd2 O-O 5.g3 Ne4 6.Bg2 Nxd2 7.Bxd2 Qe7 8.
O-O Bxd2 9.Qxd2 d6 10.Rac1 Nd7 11.Rfe1 h6 12.e4 e5 13.c5 dxc5 14.dxc5 Nf6 
15.Qb4 a5 16.Qc3 Re8 17.a3 Bg4 18.Nh4 Bd7 19.Nf5 Bxf5 20.exf5 e4 21.h3 Qe5
22.Qxe5 Rxe5 23.Rc4 Rae8 24.g4 b5 25.cxb6 cxb6 26.b4 axb4 27.Rxb4 Ra5 28.
Rxb6 Rxa3 29.Rb4 e3 30.fxe3 Raxe3 31.Rxe3 Rxe3 32.Rb8+ Re8 33.Rxe8+ Nxe8 
34.Kf2 Kf8 35.Ke3 Ke7 36.Kf4 Kd6 37.Bf3 Nf6 38.Bg2 Kc5 39.h4 Kd4 40.Bc6 
Kc5 41.Bf3 Nd7 42.Bg2 Kd4 43.Bf3 Ne5 44.Be2 Nc6 45.Bf3 Nb4 46.Be4 Nd5+ 47.
Bxd5 Kxd5 48.h5 f6 49.Kf3 Kc5 50.Ke3 Kc6 51.Ke4 Kc5 52.Ke3 Kd5 53.Kf3 Kd4 
54.Kf4 Kd3 55.Kf3 Kd2 1/2-1/2

[Event "29th WCh U20 Girls"]
[Site "Chennai IND"]
[Date "2011.08.14"]
[Round "12"]
[White "Girya, Olga"]
[Black "Tsatsalashvili, Ketevan"]
[Result "1-0"]
[WhiteElo "2371"]
[BlackElo "2318"]
[EventDate "2011.08.02"]
[PlyCount "131"]

1.d4 Nf6 2.c4 e6 3.Nc3 d5 4.cxd5 exd5 5.Bg5 Bb4 6.e3 h6 7.Bh4 c5 8.Bd3 
cxd4 9.exd4 Nc6 10.Ne2 O-O 11.O-O Be6 12.Bc2 Bd6 13.h3 Rc8 14.a3 Be7 15.
Qd3 Re8 16.Nf4 Qd6 17.Nxe6 fxe6 18.Bg3 Qd7 19.Be5 Bd6 20.Rae1 Rcd8 21.Bxf6
gxf6 22.Qg6+ Qg7 23.Nxd5 Qxg6 24.Bxg6 Rf8 25.Rxe6 Kg7 26.Bh5 Nxd4 27.Re4 
Be5 28.Ne3 Nc6 29.Nc4 Rd4 30.Rxd4 Bxd4 31.b3 Rd8 32.Rd1 f5 33.Bf3 f4 34.
Bxc6 bxc6 35.Kf1 c5 36.Ke2 Kf6 37.Kf3 Kf5 38.Rd3 Rd7 39.Nd2 Ke5 40.Nc4+ 
Kf5 41.Na5 Rd6 42.Nb7 Rb6 43.Nxc5 Bxc5 44.Rd5+ Kf6 45.Rxc5 Rxb3+ 46.Kxf4 
Rxa3 47.Rc6+ Kg7 48.f3 Ra4+ 49.Kf5 Ra5+ 50.Kf4 Ra4+ 51.Kg3 a5 52.f4 Ra2 
53.Kf3 a4 54.Ra6 a3 55.g4 Ra1 56.Ke4 a2 57.Kf5 Rh1 58.Rxa2 Rxh3 59.Ra7+ 
Kf8 60.Kf6 Kg8 61.Kg6 Kf8 62.Ra8+ Ke7 63.f5 Rg3 64.f6+ Ke6 65.Re8+ Kd7 66.
f7 1-0

[Event "29th WCh U20 Girls"]
[Site "Chennai IND"]
[Date "2011.08.14"]
[Round "12"]
[White "Martinez, Ayelen"]
[Black "Savina, Anastasia"]
[Result "0-1"]
[WhiteElo "2011"]
[BlackElo "2398"]
[EventDate "2011.08.02"]
[PlyCount "80"]

1.e4 e5 2.Nf3 Nc6 3.Bb5 Nf6 4.O-O Nxe4 5.d4 Nd6 6.Bg5 Be7 7.Bxe7 Nxe7 8.
dxe5 Nxb5 9.a4 Nd4 10.Nxd4 O-O 11.Ra3 d5 12.exd6 Qxd6 13.Nb5 Qxd1 14.Rxd1 
Bf5 15.N1c3 c6 16.Nd6 Bxc2 17.Rc1 Bg6 18.Nxb7 Rfb8 19.Rb3 f6 20.Re1 Bf7 
21.Rb4 Nd5 22.Nxd5 Bxd5 23.Re7 Re8 24.Re3 Rxe3 25.fxe3 Rb8 26.e4 c5 27.
exd5 cxb4 28.Na5 Kf8 29.Nc6 Rb7 30.Kf2 Rd7 31.Ke3 Rxd5 32.Nxb4 Rh5 33.Nc6 
a5 34.h3 Ke8 35.Kd4 Kd7 36.g4 Rg5 37.Na7 h5 38.gxh5 Rxh5 39.Nb5 Rh4+ 40.
Ke3 Rxh3+ 0-1

[Event "29th WCh U20 Girls"]
[Site "Chennai IND"]
[Date "2011.08.14"]
[Round "12"]
[White "Semenova, Elena"]
[Black "Fatalieva, Ulviyya"]
[Result "0-1"]
[WhiteElo "2175"]
[BlackElo "2107"]
[EventDate "2011.08.02"]
[PlyCount "143"]

1.e4 e6 2.d4 d5 3.Nc3 dxe4 4.Nxe4 Be7 5.Nf3 Nd7 6.Bd3 Ngf6 7.Nxf6+ Bxf6 8.
Qe2 c5 9.d5 Nb6 10.Bb5+ Kf8 11.dxe6 Bxe6 12.O-O a6 13.Bd3 Qe7 14.c3 Rd8 
15.Bf4 Nd5 16.Bg3 g6 17.Ne5 Kg7 18.Rae1 Bh4 19.f4 Bxg3 20.hxg3 Bc8 21.Qf3 
Qd6 22.Be4 f5 23.Bc2 Nf6 24.Bb3 Qb6 25.Bc4 Rhf8 26.Kh2 Qc7 27.a4 Ne4 28.
Qe3 b6 29.Rd1 Bb7 30.Qe2 a5 31.Bb5 Rf6 32.Bd7 Rd6 33.Rxd6 Nxd6 34.g4 Rxd7 
35.Nxd7 Qxd7 36.Qe5+ Kf7 37.Qh8 Ne8 38.Qxh7+ Ng7 39.gxf5 Qxf5 40.Kg1 Qe4 
41.Qh3 Qxa4 42.Re1 Qc6 43.Re2 Qd6 44.Qe3 Bc6 45.Rd2 Qe6 46.Qe5 Qxe5 47.
fxe5 Ne8 48.Rd8 Ke7 49.Rb8 b5 50.Rb6 Kd7 51.Ra6 a4 52.c4 b4 53.Kf2 Kc7 54.
Ra7+ Kb6 55.Rh7 b3 56.Ke3 Nc7 57.Kd3 Ne6 58.g3 Nd4 59.Rh2 Bd7 60.Kc3 Bf5 
61.Rf2 Kc7 62.Rh2 g5 63.g4 Bxg4 64.Rg2 Ne2+ 65.Kd2 a3 66.bxa3 Bf5 67.Rxg5 
b2 68.Rxf5 b1=Q 69.Rf7+ Kd8 70.Kxe2 Qe4+ 71.Kf2 Qd4+ 72.Kf3 0-1

[Event "29th WCh U20 Girls"]
[Site "Chennai IND"]
[Date "2011.08.14"]
[Round "12"]
[White "Hannes, Diana"]
[Black "Arunima, Kalra"]
[Result "1-0"]
[WhiteElo "2188"]
[BlackElo "1867"]
[EventDate "2011.08.02"]
[PlyCount "131"]

1.Nf3 Nf6 2.c4 c5 3.g3 Nc6 4.Nc3 g6 5.Bg2 Bg7 6.O-O d6 7.a3 O-O 8.Rb1 a5 
9.d3 Bd7 10.Ne1 Qc7 11.Bg5 e6 12.e4 Nd4 13.a4 Rae8 14.Nc2 Nxc2 15.Qxc2 Bc6
16.b3 b6 17.Rbe1 Nd7 18.Qd2 Kh8 19.Bh6 Qd8 20.Bxg7+ Kxg7 21.f4 e5 22.f5 f6
23.h4 Rf7 24.Bh3 Nf8 25.Re2 Qe7 26.Bg4 Nd7 27.h5 Rh8 28.hxg6 hxg6 29.fxg6 
Kxg6 30.Rh2 Rff8 31.Qe2 Rxh2 32.Bf5+ Kf7 33.Qxh2 Ke8 34.Qh6 Nb8 35.Kg2 Na6
36.Rh1 Nb4 37.Rh4 Rg8 38.Qe3 Qg7 39.Rh7 Qg5 40.Qxg5 Rxg5 41.Rh8+ Ke7 42.g4
Nxd3 43.Rb8 Ne1+ 44.Kf2 Nc2 45.Rxb6 Nd4 46.Ra6 Kd8 47.Nd5 Bxd5 48.Rxd6+ 
Kc7 49.Rxd5 Kc6 50.Rd8 Nxf5 51.gxf5 Rg4 52.Kf3 Rf4+ 53.Ke3 Rh4 54.Rf8 Rh3+
55.Ke2 Rh4 56.Rxf6+ Kb7 57.Re6 Rxe4+ 58.Kd3 Re1 59.f6 e4+ 60.Rxe4 Rf1 61.
Re7+ Kc6 62.f7 Kb6 63.Ke4 Re1+ 64.Kd5 Rxe7 65.f8=Q Rc7 66.Qb8+ 1-0

[Event "29th WCh U20 Girls"]
[Site "Chennai IND"]
[Date "2011.08.14"]
[Round "12"]
[White "Shweta, Gole"]
[Black "Shristi Shetty, J."]
[Result "1/2-1/2"]
[WhiteElo "1922"]
[BlackElo "1927"]
[EventDate "2011.08.02"]
[PlyCount "81"]

1.d4 Nf6 2.Nf3 c5 3.e3 e6 4.Bd3 b6 5.O-O Bb7 6.Nbd2 cxd4 7.exd4 Be7 8.b3 
O-O 9.Bb2 d6 10.Re1 Nbd7 11.Rc1 Re8 12.c4 Bf8 13.Nf1 Qc7 14.Ng3 Rac8 15.
Ng5 h6 16.N5e4 Qb8 17.Re3 d5 18.Nxf6+ Nxf6 19.Nh5 Nxh5 20.Qxh5 Qf4 21.Rf3 
Qc7 22.Rg3 Kh8 23.Re1 Rcd8 24.Qg4 Bc8 25.Qh4 Qe7 26.Qh5 g6 27.Qf3 Bg7 28.
Qf4 Qf6 29.Qd2 Kh7 30.Rf3 Qe7 31.Qf4 f5 32.Qd2 Qd6 33.Rh3 Qf8 34.Rc1 h5 
35.Rd1 e5 36.dxe5 dxc4 37.bxc4 Bxe5 38.Bc1 Bg7 39.Qc2 Qf6 40.Be2 Bb7 41.
Rg3 1/2-1/2

[Event "29th WCh U20 Girls"]
[Site "Chennai IND"]
[Date "2011.08.14"]
[Round "12"]
[White "Krumova, Ani"]
[Black "Madhurima, Shekhar"]
[Result "0-1"]
[WhiteElo "1961"]
[BlackElo "1854"]
[EventDate "2011.08.02"]
[PlyCount "84"]

1.e4 e6 2.d3 d5 3.Nd2 c5 4.g3 Bd6 5.Bg2 Ne7 6.Ngf3 Nbc6 7.O-O O-O 8.Re1 f6
9.exd5 exd5 10.d4 c4 11.Nf1 Bf5 12.Nh4 Bc7 13.Nxf5 Nxf5 14.c3 Nfe7 15.Ne3 
Qd7 16.Qh5 Rad8 17.Bd2 Kh8 18.Bh3 f5 19.Ng2 Qe8 20.Qf3 Qf7 21.Bf4 Bd6 22.
Re2 h6 23.Bxd6 Rxd6 24.Qf4 Rf6 25.Qd2 g5 26.Ne3 Qh5 27.Bf1 f4 28.Nc2 Nf5 
29.Re5 Nxe5 30.dxe5 R6f7 31.Qxd5 fxg3 32.fxg3 Nxg3 33.hxg3 Rf2 34.Bg2 Rxc2
35.e6 Qe2 36.Qe4 Rf2 37.Qxe2 Rfxe2 38.Bd5 b5 39.Rf1 Rxb2 40.Rf8+ Kg7 41.
Rf7+ Kg6 42.e7 Rb1+ 0-1

[Event "29th WCh U20 Girls"]
[Site "Chennai IND"]
[Date "2011.08.14"]
[Round "12"]
[White "Mejia Salinas, Lluvia Angelica"]
[Black "Shetye, Siddhali"]
[Result "1/2-1/2"]
[WhiteElo "1889"]
[BlackElo "1890"]
[EventDate "2011.08.02"]
[PlyCount "60"]

1.e4 e5 2.Nf3 Nc6 3.d4 exd4 4.Nxd4 Nf6 5.Nxc6 bxc6 6.e5 Qe7 7.Qe2 Nd5 8.c4
Nb6 9.Nc3 Ba6 10.b3 Qe6 11.Qe3 Bb4 12.Bb2 O-O 13.O-O-O Rfe8 14.f4 d6 15.
Ne4 dxe5 16.fxe5 Nd7 17.Ng5 Qe7 18.Bd3 h6 19.Nf3 Nf8 20.Qe4 Bb7 21.Nh4 Ba3
22.Rhe1 Qb4 23.Bc2 Re6 24.Qe3 a5 25.Rf1 Ree8 26.Rfe1 Re6 27.Rf1 Ree8 28.
Rfe1 Re6 29.Rf1 Ree8 30.Rfe1 Re6 1/2-1/2

[Event "29th WCh U20 Girls"]
[Site "Chennai IND"]
[Date "2011.08.14"]
[Round "12"]
[White "Salini, R."]
[Black "Degrande, Marigje"]
[Result "1/2-1/2"]
[WhiteElo "1795"]
[BlackElo "1890"]
[EventDate "2011.08.02"]
[PlyCount "127"]

1.g3 d5 2.Bg2 Nf6 3.e3 e5 4.Ne2 Bd6 5.d4 e4 6.c4 c6 7.Nbc3 O-O 8.O-O Re8 
9.cxd5 cxd5 10.Qb3 Bc7 11.f3 Qd7 12.fxe4 dxe4 13.Nf4 Nc6 14.Bd2 Nxd4 15.
exd4 Qxd4+ 16.Kh1 Qxd2 17.Nh5 Qh6 18.Nxf6+ gxf6 19.Nxe4 Re6 20.Rac1 Be5 
21.Rcd1 Re8 22.Nd6 Bxd6 23.Rxd6 Be6 24.Qd3 Rab8 25.b3 b6 26.Bc6 Re7 27.Kg1
Kg7 28.Rd8 Rxd8 29.Qxd8 Qe3+ 30.Kh1 Bh3 31.Bg2 Bxg2+ 32.Kxg2 Qe4+ 33.Kg1 
Qe3+ 34.Kg2 Qe2+ 35.Kg1 Re6 36.Rf2 Qe1+ 37.Kg2 Qe4+ 38.Kg1 Qb1+ 39.Kg2 
Qe4+ 40.Kg1 Qc6 41.Qd2 Qc5 42.Kg2 Qg5 43.Rf4 Qh5 44.Rf2 a6 45.Qd3 b5 46.h4
Qg4 47.Qd7 Qe4+ 48.Kh2 h5 49.Qd1 Qg4 50.Qd3 Re1 51.Kg2 Qe4+ 52.Qxe4 Rxe4 
53.Kf3 Re5 54.b4 Kg6 55.Rd2 f5 56.Rd4 Re6 57.a3 Rc6 58.Kf4 f6 59.Rd3 Rc4+ 
60.Kf3 Kf7 61.Re3 Kg6 62.Rd3 Rc1 63.Re3 Rc4 64.Rd3 1/2-1/2

[Event "29th WCh U20 Girls"]
[Site "Chennai IND"]
[Date "2011.08.14"]
[Round "12"]
[White "Savant, Riya"]
[Black "Hansen, Erle Marki"]
[Result "1-0"]
[WhiteElo "1743"]
[BlackElo "1770"]
[EventDate "2011.08.02"]
[PlyCount "77"]

1.d4 Nf6 2.Nf3 g6 3.g3 Bg7 4.Bg2 O-O 5.O-O d6 6.b3 c5 7.Bb2 Nc6 8.Qc1 Qc7 
9.Nbd2 Bf5 10.dxc5 dxc5 11.Nc4 Nb4 12.Nh4 Be6 13.Be5 Qc8 14.Na5 Bd5 15.c3 
Bxg2 16.Nxg2 Nbd5 17.Rd1 Qe6 18.Bxf6 Bxf6 19.Rd3 b5 20.Rb1 Rab8 21.Nf4 
Nxf4 22.Qxf4 Qxe2 23.Rd2 Qe6 24.Qf3 Rfc8 25.Rbd1 Qb6 26.b4 cxb4 27.cxb4 
Bc3 28.Rc2 Bxb4 29.Nc6 Qb7 30.Qg2 Ba3 31.Rd3 b4 32.Qe4 Rc7 33.Qe5 Rbc8 34.
Nxe7+ Kf8 35.Nd5 f6 36.Qd6+ Kg8 37.Rxc7 Rxc7 38.Qxc7 Qb5 39.Nxf6+ 1-0

[Event "29th WCh U20 Girls"]
[Site "Chennai IND"]
[Date "2011.08.14"]
[Round "12"]
[White "Narenthran, Savithri"]
[Black "Nivedhitha, J. G."]
[Result "1/2-1/2"]
[WhiteElo "1693"]
[BlackElo "1743"]
[EventDate "2011.08.02"]
[PlyCount "139"]

1.e4 c5 2.Nc3 d6 3.f4 g6 4.Nf3 Bg7 5.Bc4 Nc6 6.O-O Nf6 7.d3 O-O 8.Qe1 Nd4 
9.Bb3 Nd7 10.Be3 a6 11.Bxd4 cxd4 12.Ne2 Qb6 13.Qf2 e5 14.Qh4 Qd8 15.Qxd8 
Rxd8 16.Ng5 Rf8 17.fxe5 Nxe5 18.Nxd4 h6 19.Ngf3 Nxf3+ 20.Nxf3 Bxb2 21.Rab1
Bg7 22.Bd5 Rb8 23.Rb6 Rd8 24.Rfb1 Bg4 25.Rxb7 Rxb7 26.Rxb7 Rd7 27.Kf1 Rxb7
28.Bxb7 Bxf3 29.gxf3 a5 30.Ke2 Bc3 31.Ke3 Kf8 32.d4 Ke7 33.Kd3 Be1 34.Kc4 
Bd2 35.Kd5 Bc3 36.Bc6 f6 37.h3 f5 38.Bb5 fxe4 39.Kxe4 Ke6 40.Kd3 Be1 41.c4
Kf5 42.Ke3 Bb4 43.Bd7+ Kf6 44.Ke4 Ke7 45.Bc8 Kd8 46.Be6 Ke7 47.Kd5 h5 48.
Bc8 g5 49.h4 gxh4 50.c5 dxc5 51.dxc5 Kd8 52.Bh3 Kc7 53.f4 Bc3 54.Kc4 Bf6 
55.Kb5 Bc3 56.f5 Kb7 57.f6 Bxf6 58.Kxa5 Bd8+ 59.Kb5 Ka7 60.Bg2 Bc7 61.Kc6 
Ba5 62.Bf1 Bd8 63.Kd7 Ba5 64.c6 Kb8 65.Kd6 Bc7+ 66.Kc5 Bf4 67.a4 Kc7 68.
Bg2 Be3+ 69.Kb5 Bf2 70.Kc4 1/2-1/2

[Event "29th WCh U20 Girls"]
[Site "Chennai IND"]
[Date "2011.08.15"]
[Round "13"]
[White "Gevorgian, Maria"]
[Black "Mahalakshmi, Muganda Kumar"]
[Result "1-0"]
[WhiteElo "2068"]
[BlackElo "1901"]
[EventDate "2011.08.02"]
[PlyCount "126"]

1.e4 e6 2.d4 d5 3.Nc3 Nf6 4.Bg5 Be7 5.e5 Nfd7 6.h4 Nc6 7.Nh3 Nb6 8.Qg4 
Bxg5 9.Nxg5 Qe7 10.Bd3 h6 11.Nh7 Bd7 12.Qxg7 O-O-O 13.Qxh6 Nxd4 14.O-O-O 
Rdg8 15.g3 Nc6 16.Qf6 Qb4 17.a3 Qa5 18.Ne2 Na4 19.Qf4 d4 20.Nxd4 Nc5 21.
Nf6 Nxd4 22.Qxd4 Rd8 23.Qb4 Qxb4 24.axb4 Na4 25.Nxd7 Rxd7 26.Rde1 Nb6 27.
h5 Nd5 28.Re4 Ne7 29.h6 Ng6 30.h7 Rd5 31.Rg4 Nxe5 32.Rg8+ Rd8 33.Rxd8+ 
Kxd8 34.Be4 b6 35.c3 f5 36.Bc2 Ng4 37.Bb3 Nxf2 38.Rh4 Ke7 39.Rh6 Ng4 40.
Rxe6+ Kd7 41.Re1 Rxh7 42.Be6+ Kd6 43.Bxf5 Rg7 44.Re6+ Kd5 45.c4+ Kxc4 46.
Re4+ Kd5 47.Rxg4 Rf7 48.Rg5 Re7 49.Kc2 Kd4 50.Bd3 Rf7 51.Rf5 Rg7 52.Rf4+ 
Ke3 53.Re4+ Kf3 54.g4 Rxg4 55.Rxg4 Kxg4 56.Kc3 Kf3 57.Kd4 Kf2 58.Kd5 Ke3 
59.Ba6 Kd2 60.Kc6 Kc2 61.Kxc7 Kxb2 62.Kb7 b5 63.Kc6 Kc3 1-0

[Event "29th WCh U20 Girls"]
[Site "Chennai IND"]
[Date "2011.08.15"]
[Round "13"]
[White "Mejia Salinas, Lluvia Angelica"]
[Black "Krumova, Ani"]
[Result "0-1"]
[WhiteElo "1889"]
[BlackElo "1961"]
[EventDate "2011.08.02"]
[PlyCount "124"]

1.e4 c5 2.Nf3 Nc6 3.d4 cxd4 4.Nxd4 g6 5.Be3 Bg7 6.Nc3 Nf6 7.Be2 O-O 8.O-O 
d5 9.Nxc6 bxc6 10.Bf3 Bb7 11.Bd4 e6 12.Re1 Re8 13.exd5 cxd5 14.Be5 Nd7 15.
Bxg7 Kxg7 16.Qd2 Qf6 17.Rad1 Ne5 18.Be2 Rad8 19.Qd4 Nc6 20.Qxf6+ Kxf6 21.
Bb5 a6 22.Bxc6 Bxc6 23.Rd4 Rb8 24.b3 Rec8 25.Rc1 Rc7 26.f4 Rbc8 27.Rd2 Bb5
28.Ne2 Bxe2 29.Rxe2 Rc3 30.Rd2 a5 31.Kf1 a4 32.bxa4 R8c4 33.g3 Rxa4 34.Ra1
Rca3 35.Kf2 Rxa2 36.Rxa2 Rxa2 37.Re2 Ke7 38.Kf3 Kd6 39.Ke3 Kc5 40.Kd3 Ra1 
41.Kd2 Kd4 42.Re5 Rg1 43.Re2 Rh1 44.Rf2 Ke4 45.Ke2 Ra1 46.Kd2 Ra2 47.Rf1 
h5 48.Rb1 f6 49.Rf1 d4 50.Re1+ Kf5 51.Kd3 e5 52.fxe5 fxe5 53.Rf1+ Ke6 54.
Rf2 Ra8 55.Rf1 Rc8 56.Rf2 Kd5 57.Rf6 Rc6 58.Rf8 e4+ 59.Kd2 e3+ 60.Kd1 Ke4 
61.Rf7 Rc5 62.Re7+ Kf3 0-1

[Event "29th WCh U20 Girls"]
[Site "Chennai IND"]
[Date "2011.08.15"]
[Round "13"]
[White "Degrande, Marigje"]
[Black "Shweta, Gole"]
[Result "1/2-1/2"]
[WhiteElo "1890"]
[BlackElo "1922"]
[EventDate "2011.08.02"]
[PlyCount "87"]

1.d4 c5 2.Nf3 cxd4 3.Nxd4 Nf6 4.c4 Nc6 5.Nc3 Qb6 6.e3 a6 7.Be2 e6 8.O-O 
Be7 9.b3 O-O 10.Nf3 Rd8 11.a3 d5 12.cxd5 Nxd5 13.Nxd5 Rxd5 14.Qc2 Rc5 15.
Qb1 Bf6 16.Ra2 e5 17.Rd2 Be6 18.Bd1 Ne7 19.e4 h6 20.Rb2 Rc6 21.Bd2 Rac8 
22.b4 Qd8 23.Be2 b5 24.Rd1 Rd6 25.Be3 Rxd1+ 26.Qxd1 Qxd1+ 27.Bxd1 Rc3 28.
a4 bxa4 29.Bxa4 Ra3 30.Bc2 Bc4 31.h3 Nc6 32.Bc5 Bb5 33.Bb3 Nd4 34.Bxd4 
exd4 35.e5 Bg5 36.Nxd4 Ra1+ 37.Kh2 Bf4+ 38.g3 Bxe5 39.Rd2 Bxd4 40.Rxd4 Bc6
41.Bd5 Bxd5 42.Rxd5 Ra4 43.b5 axb5 44.Rxb5 1/2-1/2

[Event "29th WCh U20 Girls"]
[Site "Chennai IND"]
[Date "2011.08.15"]
[Round "13"]
[White "Bala Kannamma, P."]
[Black "Salini, R."]
[Result "1-0"]
[WhiteElo "1931"]
[BlackElo "1795"]
[EventDate "2011.08.02"]
[PlyCount "177"]

1.e4 g6 2.d4 Bg7 3.Nf3 e6 4.Bd3 Ne7 5.O-O d5 6.e5 c5 7.c3 Nbc6 8.Bg5 Bd7 
9.Na3 cxd4 10.cxd4 Qb6 11.Nc2 Qxb2 12.Rb1 Qxa2 13.Rxb7 Bc8 14.Rb1 Qa5 15.
Bxe7 Kxe7 16.Rb5 Qd8 17.Rc5 Bd7 18.Qd2 f6 19.exf6+ Bxf6 20.Qf4 Qb8 21.Qe3 
Kf7 22.Ng5+ Bxg5 23.Qxg5 Qd6 24.Rc3 Kg7 25.Bb5 a6 26.Bxc6 Bxc6 27.Ne3 h5 
28.f4 Bd7 29.f5 exf5 30.Rxf5 Rae8 31.Rxd5 Qe7 32.Qg3 Rc8 33.Re5 Qd6 34.Nd5
Be6 35.Rxc8 Rxc8 36.Ne3 Bd7 37.Qh4 Re8 38.Qf4 Rf8 39.Qe4 Rf7 40.h4 Qf6 41.
Nd5 Qf2+ 42.Kh2 Bf5 43.Qf4 Qxf4+ 44.Nxf4 Rf8 45.Kg3 Bg4 46.Ra5 Rf6 47.Nd3 
Rd6 48.d5 Kf6 49.Kf4 Bf5 50.Nb4 Bc8 51.Na2 Bb7 52.Nc3 Rb6 53.Ne4+ Ke7 54.
Ke5 Rb2 55.g3 Re2 56.Kd4 Re1 57.Ke5 Re2 58.Rc5 Kd7 59.Kd4 Re1 60.Ke5 Re2 
61.Rc1 Bc8 62.Kd4 Rg2 63.Rc6 a5 64.Rxg6 Rg1 65.Nc5+ Kd8 66.Rg8+ Kc7 67.d6+
Kxd6 68.Rxc8 a4 69.Ra8 Rd1+ 70.Nd3 Rg1 71.Ra6+ Ke7 72.Rxa4 Rxg3 73.Ne5 Ke6
74.Ke4 Kf6 75.Ra6+ Kg7 76.Kf4 Rg1 77.Kf5 Rg2 78.Rg6+ Rxg6 79.Nxg6 Kh6 80.
Nf4 Kh7 81.Kg5 Kg7 82.Nxh5+ Kh7 83.Nf6+ Kh8 84.h5 Kg7 85.h6+ Kh8 86.Ng4 
Kg8 87.Kg6 Kh8 88.Ne3 Kg8 89.h7+ 1-0

[Event "29th WCh U20 Girls"]
[Site "Chennai IND"]
[Date "2011.08.15"]
[Round "13"]
[White "Shristi Shetty, J."]
[Black "Tejaswini, Sagar"]
[Result "1-0"]
[WhiteElo "1927"]
[BlackElo "1690"]
[EventDate "2011.08.02"]
[PlyCount "71"]

1.e4 e5 2.Nf3 Nc6 3.Bb5 Bc5 4.O-O Nf6 5.c3 O-O 6.d4 Bb6 7.Bg5 d6 8.Qd3 h6 
9.Bh4 Bd7 10.Nbd2 Re8 11.Nc4 exd4 12.Nxb6 axb6 13.cxd4 g5 14.Nxg5 hxg5 15.
Bxg5 Kg7 16.f4 Qc8 17.d5 Nxe4 18.dxc6 Bxc6 19.Bxc6 bxc6 20.Qd4+ f6 21.Rae1
d5 22.Rxe4 dxe4 23.Qxf6+ Kg8 24.Qg6+ Kf8 25.Bh6+ Ke7 26.Qg7+ Kd6 27.Qd4+ 
Ke7 28.Re1 Qg4 29.Qxe4+ Kf6 30.Qxc6+ Re6 31.Bg5+ Kg7 32.Qd7+ Kf8 33.Rxe6 
b5 34.Rf6+ Kg8 35.Qf7+ Kh8 36.Rh6# 1-0

[Event "29th WCh U20 Girls"]
[Site "Chennai IND"]
[Date "2011.08.15"]
[Round "13"]
[White "Nivedhitha, J. G."]
[Black "Anjana Krishna, Sreela"]
[Result "1/2-1/2"]
[WhiteElo "1743"]
[BlackElo "1830"]
[EventDate "2011.08.02"]
[PlyCount "69"]

1.e4 e5 2.Nf3 Nf6 3.Nxe5 d6 4.Nf3 Nxe4 5.d4 d5 6.Bd3 Bd6 7.h3 O-O 8.O-O 
Nd7 9.c4 c6 10.Nc3 Nxc3 11.bxc3 h6 12.Re1 Re8 13.c5 Bc7 14.Be3 Nf8 15.Nh2 
Be6 16.Qh5 Qf6 17.Ng4 Bxg4 18.Qxg4 b6 19.cxb6 axb6 20.Qe2 Qd6 21.g3 b5 22.
Qc2 Qa3 23.Qb3 Nd7 24.Bc2 Qxb3 25.axb3 Rxa1 26.Rxa1 Bxg3 27.Ra7 Nb8 28.
fxg3 Rxe3 29.Ra8 Re8 30.Bd3 Rd8 31.Kf2 Kf8 32.c4 bxc4 33.bxc4 dxc4 34.Bxc4
Ke7 35.Ke3 1/2-1/2